[Event "CZE-ch Juniors op-B"]
[Site "Sec u Chrudimi"]
[Date "2007.03.14"]
[Round "6"]
[White "Straka, Ondrej"]
[Black "Machan, Vaclav"]
[Result "1-0"]
[WhiteElo "1725"]
[BlackElo "1484"]
[PlyCount "69"]
[EventDate "2007.03.10"]
[EventType "swiss"]
[EventRounds "9"]
[EventCountry "CZE"]
[SourceTitle "EXT 2008"]
[Source "ChessBase"]
[SourceDate "2007.11.25"]
[SourceVersion "1"]
[SourceVersionDate "2007.11.25"]
[SourceQuality "1"]

1. e4 e5 2. Bc4 Nc6 3. c3 Nf6 4. d3 h6 5. Nf3 d5 6. exd5 Nxd5 7. 0-0 Be6 8. Re1 Bd6 9. d4 Qf6 10. dxe5 Nxe5 11. Nxe5 Bxe5 12. Bxd5 Rd8 13. Qa4+ Bd7 14. Qe4 Be6 15. Qxe5 Qxe5 16. Rxe5 Rxd5 17. Rxd5 Bxd5 18. Be3 b6 19. Na3 c6 20. Nc2 0-0 21. b3 c5 22. f3 g5 23. Rd1 Be6 24. Na3 Kh7 25. Nb5 a5 26. Rd6 Rb8 27. Nc7 Bf5 28. a3 Rb7 29. Nd5 Be6 30. Nxb6 Bxb3 31. Bxc5 Re7 32. Rxh6+ Kxh6 33. Bxe7 f5 34. c4 Kg6 35. c5 1-0